000 01369nam a2200337Ia 4500
001 ebr10159256
003 CaPaEBR
006 m u
007 cr cn|||||||||
008 050217s2005 nyu sb 001 0 eng d
010 _z 2005004910
020 _z1593320914 (alk. paper)
040 _aCaPaEBR
_cCaPaEBR
035 _a(OCoLC)560283784
050 1 4 _aHV9306.W2
_bM87 2005eb
082 0 4 _a363.2/3
_222
100 1 _aMurphy, David,
_d1973-
245 1 0 _aMaking police-probation partnerships work
_h[electronic resource] /
_cDavid Murphy.
260 _aNew York :
_bLFB Scholarly Publishing LLC,
_cc2005.
300 _aix, 202 p.
490 1 _aCriminal justice : recent scholarship
504 _aIncludes bibliographical references and index.
533 _aElectronic reproduction.
_bPalo Alto, Calif. :
_cebrary,
_d2007.
_nAvailable via World Wide Web.
_nAccess may be limited to ebrary affiliated libraries.
650 0 _aProbation
_zWashington (State)
_zSpokane.
650 0 _aProbation officers
_zWashington (State)
_zSpokane.
650 0 _aPolice
_zWashington (State)
_zSpokane.
655 7 _aElectronic books.
_2local
710 2 _aebrary, Inc.
830 0 _aCriminal justice (LFB Scholarly Publishing LLC)
856 4 0 _uhttp://site.ebrary.com/lib/rucke/Doc?id=10159256
_zAn electronic book accessible through the World Wide Web; click to view
999 _c133985
_d133985